000 00529nam a2200193 a 4500
001 1765435095259
003 YourLibrary
005 20251213131027.0
008 251211s2002##################000#0#eng##
020 _a9780231111133
082 0 4 _a895.71008LEE
100 1 _aLee, Peter H.,
_eauthor.
245 1 0 _aThe Columbia Anthology of Traditional Korean Poetry :
260 _bColumbia University Press,
_c2002.
300 _a380 pages
650 0 _aHistory.
942 _cENGLISH
040 _aYourLibrary
_beng
_cYourLibrary
999 _c602407
_d602407